Loading...
| Fine Arts - Other | 0 | 2 | 1 | 0 | 15 | 80 | 102.50 | 1 | 2 | 4.39 | 10.00 |
| Fine Arts - Painting and Sculpture | 0 | 2 | 1 | 0 | 15 | 65 | 83.00 | 1 | 2 | 6.64 | 13.33 |
| Science - Physics | 0 | 1 | 0 | 0 | 10 | 84 | 84.00 | 0 | 1 | 2.30 | 6.67 |
| Pop Culture | 0 | 1 | 0 | 0 | 10 | 63 | 63.00 | 0 | 1 | 27.17 | 37.50 |
| Religion | 0 | 1 | 0 | 0 | 10 | 89 | 89.00 | 0 | 1 | 2.05 | 5.00 |
| Literature - American | 0 | 1 | 0 | 0 | 10 | 24 | 24.00 | 1 | 1 | 6.81 | 8.33 |
| Science - Other | 0 | 1 | 0 | 0 | 10 | 79 | 79.00 | 0 | 1 | 2.80 | 5.00 |
| Fine Arts - Classical Music | 0 | 1 | 1 | 1 | 5 | 136 | 136.00 | 0 | 1 | 0.00 | 1.67 |
| Philosophy | 0 | 1 | 2 | 0 | 0 | 62 | 62.00 | 1 | 1 | 4.23 | 8.33 |